El Mártir del Gólgota /

Gespeichert in:
Bibliographische Detailangaben
1. Verfasser: Pérez Escrich, Enrique (autor)
Weitere Verfasser: Peñalosa, Joaquín Antonio (prólogo) (prólogo)
Format: Buch
Sprache:Spanisch
Veröffentlicht: México : Porrúa, 1976, c1976
Ausgabe:2a edición
Schriftenreihe:(Sepan Cuántos ; 188)
Schlagworte:
Tags: Tag hinzufügen
Keine Tags, Fügen Sie das erste Tag hinzu!

MARC

LEADER 00000nam^a2200000^a^4500
001 000303768
005 20250521000000.0
008 100921 19761976
009 20260310112658.381
037 |a Acervo Xavier Clavigero 
041 |a ESP 
082 |a 082.  |b POR V. 188 
100 |a Pérez Escrich, Enrique  |e (autor) 
245 1 3 |a El Mártir del Gólgota /  |c E. Pérez Escrich ; pról. de J.A. Peñalosa. 
250 |a 2a edición 
264 4 |a México :  |b Porrúa,  |c 1976, c1976 
300 |a XXIV, 429 p. 
336 |a texto  |b txt  |2 rdacontenido 
337 |a sin mediación  |b n  |2 rdamedio 
338 |a volumen  |b nc  |2 rdasoporte 
440 1 |a (Sepan Cuántos ;  |v 188) 
649 |a XX 
650 |a Jesucristo en la Literatura 
650 |a Novela Histórica 
650 |a Novela Española 
650 |a Literatura Española -  |y Siglo XIX 
650 |a Literatura e Historia -  |z Palestina -  |x Historia -  |y Dominación Romana, 63 a.C.-638 d.C. 
700 |a Peñalosa, Joaquín Antonio  |e (prólogo) 
910 |a Fondo General 
920 |a Impresos - Libros 
930 |a Colección General 
940 |a Literatura 
905 |a 101 
901 |a 010053  |b IT1  |c LIT  |u 20250521 
902 |a https://opac.biblio.iteso.mx/vufind/Record/000303768